|
|
|
|
| LEADER |
02431nam a22004217i 4500 |
| 001 |
42088 |
| 003 |
BD-DhAAL |
| 005 |
20240123150744.0 |
| 008 |
240123t201803 bg a 000 0 ben d |
| 010 |
|
|
|a 2018305616
|
| 020 |
|
|
|a 9789849204565
|
| 025 |
|
|
|a B-B-2018305616; 11
|
| 037 |
|
|
|b Library of Congress -- New Delhi Overseas Office
|
| 040 |
|
|
|a DLC
|b eng
|c DLC
|e rda
|d DLC
|d BD-DhAAL
|
| 042 |
|
|
|a lcode
|
| 050 |
0 |
0 |
|a MLCSA 2019/50124 (P)
|
| 082 |
|
|
|a 891.44
|2 23
|
| 100 |
0 |
|
|a নাহার, নুরুন,
|d ১৯২৪-১৯৯১.
|9 55973
|
| 240 |
1 |
0 |
|a Works.
|k Selections
|
| 245 |
1 |
0 |
|a নির্বাচিত রচনাবলি /
|c নুরুন নাহার ; সম্পাদনায়, সৈয়দ শরফুদ্দীন, সৈয়দ সালাহউদ্দীন জাকী, সৈয়দা পারভীন শিরীন, সৈয়দ শিহাবুদ্দীন জাহিন, সৈয়দ মুহিউদ্দীন ইয়ামিন ; সহযোগিতায়, নাজমা চৌধুরী, শাহানা বেগম, মুহাম্মদ রফিকুল ইসলাম, তাহমিনা জাহিন, পারভীন চৌধুরী.
|
| 246 |
3 |
1 |
|a Nirbachito rochonaboli
|
| 264 |
|
1 |
|a ঢাকা :
|b সমগ্র প্রকাশন,
|c ২০১৮.
|
| 300 |
|
|
|a ৩৩৬ পৃষ্ঠা :
|b চিত্র ;
|c ২২ সে.মি.
|
| 500 |
|
|
|a Literature.
|
| 520 |
|
|
|a Selected works of a 20th century Bengali author.
|
| 541 |
|
|
|a Donated by Rebecca Dipa Khan
|e 42088
|
| 546 |
|
|
|a In Bengali.
|
| 650 |
|
|
|a Bengali literature.
|
| 650 |
|
|
|a Bengali literature
|y 20th century.
|
| 700 |
1 |
|
|a শরফুদ্দীন, সৈয়দ.
|9 55974
|
| 700 |
1 |
|
|a জাকী, সৈয়দ সালাহউদ্দীন.
|9 55975
|
| 700 |
1 |
|
|a শিরীন, সৈয়দা পারভীন.
|9 55976
|
| 700 |
1 |
|
|a জাহিন, সৈয়দ শিহাবুদ্দীন.
|9 55977
|
| 700 |
1 |
|
|a ইয়ামিন, সৈয়দ মুহিউদ্দীন.
|9 55978
|
| 852 |
|
|
|a Ayesha Abed Library
|c General Stacks
|
| 942 |
|
|
|2 ddc
|c BK
|
| 999 |
|
|
|c 46323
|d 46323
|
| 952 |
|
|
|0 0
|1 0
|2 ddc
|4 0
|6 891_440000000000000_NAH
|7 0
|9 74983
|a BRACUL
|b BRACUL
|c GEN
|d 2024-01-23
|e Donated By Rebecca Dipa Khan
|g 600.00
|l 0
|o 891.44 NAH
|p 3010042088
|r 2024-01-23
|t 1
|w 2024-01-23
|y BK
|